| 000 | 00433nam a22001457a 4500 | ||
|---|---|---|---|
| 005 | 20150425113615.0 | ||
| 008 | 150425b xxu||||| |||| 00| 0 eng d | ||
| 040 | _cPK-LaUMT | ||
| 082 |
_aKHC 954.9143 _bRAO-L |
||
| 100 | _aراوجاویداقبال | ||
| 245 |
_aلوہ کوٹ سے لاہور تک _cراو جاوید اقبال |
||
| 260 |
_aلاہور _bراجپوت بک فاونڈیشن _c2001 |
||
| 300 | _a144 ص | ||
| 942 | _cBK | ||
| 999 |
_c70393 _d70393 |
||